000 01737cam a22004454i 4500
003 PE-LiUPU
005 20250731183355.0
008 161116s2013 b r 000 0 spa d
020 _a9588695457
020 _a9789588695457
035 _a(Sirsi) a165150
040 _aPE-LiUPU
_bspa
_cPE-LiUPU
_erda
049 _aPRUA
082 0 4 _a796.325
_bG67
_c220
100 1 _aGonzáles de los Reyes, Yennys,
_eautor.
245 1 0 _aVoleibol :
_bentretenamiento de la táctica /
_cYennyes Gónzales de los Reyes.
250 _aPrimera Edición.
264 1 _a186 páginas :
_bilustraciones,
_c2013.
300 _aColombia :
_bKinesis ;
_c25 centímetros
336 _atext
_2rdacontent
337 _aunmediated
_2rdamedia
338 _avolume
_2rdacarrier
504 _aBibliografía : páginas 185-186.
505 0 _aTeoría básica de la táctica del voleibol -- Táctica del voleibol -- Táctica individual -- Táctica Colectiva.
526 _aP158
526 _aP146
526 _aP17
526 _aP12
526 _aP06
541 _g001-003310;
650 0 4 _aVoleibol.
650 0 4 _aVoleibol - Estrategias y técnicas.
650 0 4 _aEntrenamiento de voleibol I.
910 _ajck
_bncf
_cncf
_d20161116
942 _2ddc
_cBOOK
949 _a796.325 G67
_wDEWEY
_c1
_i75143
_lCATALOGING
_mBUL
_p23.99
_r0
_sY
_tBOOK
_u16/11/16
_xEDUCACIÓN
_PP20
_0COMPRA
_o.STAFF. Colección Ciencias Humanas y Educación
994 _aC0
_bPEPRU
596 _a1
999 _a796.325 G67
_wDEWEY
_c13933
_i75143
_f2021-11-9
_g5
_lCCODEBUL1
_mBUL
_p23.99
_r0
_sY
_tBOOK
_u2016-11-16
_xEDUCACION
_PP20
_0COMPRA
_o.STAFF. Colección Ciencias Humanas y Educación
_d13933
980 _81
_gALBERTO SANCHEZ Responsable de Automatización